000 00676nam a2200241 i 4500
001 12726
003 ES-MaACL
005 20250815164030.0
007 t|
008 921124s1991 sp a |||| | spa d
020 _a7720-181-1
080 _a7.045:551.593
100 1 _aPena Mariño, Ana.
_990140
245 1 3 _aEl arco iris /
_cAna Pena Mariño.
250 _a1ª ed.
260 _aBarcelona :
_bObelisco,
_c1991.
300 _a77 p. :
_bil. ;
_c21 cm.
490 1 _aBiblioteca de los símbolos ;
_v3
650 7 _aSignos y símbolos
_2embne
_917097
830 0 _aBiblioteca de los símbolos ;
_v3
_9179345
852 _aES-MaACL
_jL-20104
999 _c12726
_d12726